[Event "VIE-ch U15"]
[Site "Ho Chi Minh City"]
[Date "2022.07.14"]
[Round "6"]
[White "Le, Quang Minh"]
[Black "Dang, Ngoc Minh"]
[Result "1/2-1/2"]
[WhiteElo "2292"]
[BlackElo "2297"]
[PlyCount "66"]
[EventDate "2022.07.11"]
[EventType "swiss"]
[EventRounds "9"]
[EventCountry "VIE"]
[SourceTitle "EXT 2023"]
[Source "ChessBase"]
[SourceDate "2022.10.05"]
[SourceVersion "1"]
[SourceVersionDate "2022.10.05"]
[SourceQuality "1"]

1. Nf3 Nf6 2. g3 b6 3. Bg2 Bb7 4. d4 e6 5. 0-0 Be7 6. c4 0-0 7. Nc3 Ne4 8. Qd3 Nxc3 9. Qxc3 Be4 10. b3 Bf6 11. Bb2 d6 12. e3 Qc8 13. Qd2 Qb7 14. Ne1 Bxg2 15. Nxg2 c5 16. dxc5 Bxb2 17. Qxb2 dxc5 18. Rad1 Nc6 19. Nf4 Rad8 20. Qe2 Rxd1 21. Rxd1 Ne5 22. Ng2 f5 23. Rd6 Qe4 24. Qd1 g5 25. Rd8 Rxd8 26. Qxd8+ Kf7 27. Qd1 Qd3 28. Qh5+ Kf8 29. Qh6+ Ke7 30. Qxg5+ Kd7 31. Qg7+ Kd6 32. Qf8+ Kc6 33. Qc8+ Kd6 1/2-1/2

[Event "VIE-ch U15"]
[Site "Hanoi"]
[Date "2022.06.16"]
[Round "8"]
[White "Luu, Quoc Viet"]
[Black "Dang, Ngoc Minh"]
[Result "1/2-1/2"]
[WhiteElo "2302"]
[BlackElo "2310"]
[PlyCount "34"]
[EventDate "2022.06.11"]
[EventType "swiss"]
[EventRounds "9"]
[EventCountry "VIE"]
[SourceTitle "EXT 2023"]
[Source "ChessBase"]
[SourceDate "2022.10.05"]
[SourceVersion "1"]
[SourceVersionDate "2022.10.05"]
[SourceQuality "1"]

1. d4 d5 2. c4 c6 3. Nc3 Nf6 4. Nf3 e6 5. Bg5 Nbd7 6. e3 Bb4 7. Bh4 Qa5 8. Qb3 Ne4 9. Rc1 Nb6 10. a3 Bxc3+ 11. bxc3 dxc4 12. Qb4 Qxb4 13. cxb4 a5 14. Ne5 axb4 15. axb4 Ra4 16. Nxc4 Nxc4 17. Bxc4 Rxb4 1/2-1/2

[Event "VIE-ch U15"]
[Site "Hanoi"]
[Date "2022.06.11"]
[Round "1"]
[White "Tran, Phat Dat"]
[Black "Dang, Ngoc Minh"]
[Result "0-1"]
[WhiteElo "2325"]
[BlackElo "2310"]
[PlyCount "90"]
[EventDate "2022.06.11"]
[EventType "swiss"]
[EventRounds "9"]
[EventCountry "VIE"]
[SourceTitle "EXT 2023"]
[Source "ChessBase"]
[SourceDate "2022.10.05"]
[SourceVersion "1"]
[SourceVersionDate "2022.10.05"]
[SourceQuality "1"]

1. Nf3 f5 2. c4 Nf6 3. Nc3 g6 4. d4 d6 5. e3 Bg7 6. Be2 0-0 7. 0-0 c6 8. b4 Ne4 9. Bb2 e6 10. Nxe4 fxe4 11. Nd2 d5 12. a4 Qg5 13. Kh1 Nd7 14. Qe1 Nf6 15. f4 exf3 16. Bxf3 Bd7 17. e4 dxe4 18. Nxe4 Nxe4 19. Qxe4 Qd2 20. Qe2 Qxb4 21. Ba3 Qc3 22. Bxf8 Rxf8 23. Bg4 Re8 24. Rad1 h5 25. Bh3 c5 26. Qe4 Kh7 27. Rf3 Qxc4 28. Rg3 Re7 29. Qxg6+ Kg8 30. Qf6 Rf7 31. Rxg7+ Rxg7 32. Rf1 cxd4 33. Rd1 Rf7 34. Qg5+ Kf8 35. Qd8+ Be8 36. g3 Qe2 37. Qxd4 Kg8 38. Qd8 Rf8 39. Qg5+ Kh7 40. Qe7+ Rf7 41. Bf5+ Kg7 42. Qg5+ Kf8 43. Qh6+ Ke7 44. Qg5+ Rf6 45. Qg7+ Bf7 0-1

[Event "VIE-chT"]
[Site "Bac Giang"]
[Date "2020.06.11"]
[Round "9.17"]
[White "Dang, Ngoc Minh"]
[Black "Nguyen, Hoang Nam1111"]
[Result "0-1"]
[WhiteElo "1556"]
[BlackElo "2257"]
[PlyCount "130"]
[EventDate "2020.06.06"]
[EventType "swiss"]
[EventRounds "9"]
[EventCountry "VIE"]
[SourceTitle "CBM 197 Extra"]
[Source "ChessBase"]
[SourceDate "2020.09.30"]
[SourceVersion "1"]
[SourceVersionDate "2020.09.30"]
[SourceQuality "1"]

1. e4 d6 2. d4 Nf6 3. Bd3 e5 4. dxe5 dxe5 5. Nc3 Be7 6. Nf3 Nbd7 7. 0-0 c6 8. Qe2 0-0 9. Rd1 Qc7 10. Bg5 Re8 11. Bc4 b5 12. Bb3 Nc5 13. a3 Nxb3 14. cxb3 Be6 15. Qc2 Rac8 16. Rac1 Qb8 17. Ne2 h6 18. Bh4 g5 19. Bg3 Bd6 20. Rxd6 Qxd6 21. Nxe5 Qd8 22. h4 Nh5 23. hxg5 Nxg3 24. Nxg3 hxg5 25. Qc3 Qf6 26. Qc5 Red8 27. Nf3 g4 28. Ne5 Qg5 29. Qc3 c5 30. Ne2 Qd2 31. Kf1 Qxc3 32. Nxc3 a6 33. Ke2 f6 34. Ng6 Kf7 35. Nf4 Bxb3 36. Ncd5 Bxd5 37. Nxd5 Ke6 38. Rd1 Rd6 39. Nf4+ Kd7 40. Nd5 Rf8 41. Rh1 Rf7 42. Rh8 f5 43. f3 gxf3+ 44. gxf3 fxe4 45. fxe4 Rg6 46. Ra8 Rg2+ 47. Ke3 Rg3+ 48. Ke2 Kd6 49. Rxa6+ Ke5 50. Nc3 Rg2+ 51. Ke3 Rh7 52. Kf3 Rxb2 53. Nd5 Rf7+ 54. Kg4 Rg2+ 55. Kh3 Rg1 56. Kh2 Rg5 57. Rh6 Rf2+ 58. Kh1 Rg3 59. Nc7 Rxa3 60. Re6+ Kf4 61. Rf6+ Kg3 62. Rg6+ Kh3 63. Rh6+ Kg4 64. Rg6+ Kh5 65. Rg1 Rh3# 0-1

[Event "VIE-chT"]
[Site "Bac Giang"]
[Date "2020.06.08"]
[Round "4.19"]
[White "Dang, Vu Dung"]
[Black "Dang, Ngoc Minh"]
[Result "1/2-1/2"]
[WhiteElo "2017"]
[BlackElo "1556"]
[PlyCount "109"]
[EventDate "2020.06.06"]
[EventType "swiss"]
[EventRounds "9"]
[EventCountry "VIE"]
[SourceTitle "CBM 197 Extra"]
[Source "ChessBase"]
[SourceDate "2020.09.30"]
[SourceVersion "1"]
[SourceVersionDate "2020.09.30"]
[SourceQuality "1"]

1. Nf3 Nf6 2. c4 c6 3. Nc3 d5 4. d4 e6 5. e3 dxc4 6. a4 Be7 7. Bxc4 0-0 8. 0-0 Nbd7 9. Qc2 Nb6 10. Ba2 Nbd5 11. Bb1 g6 12. Rd1 b6 13. Na2 Bb7 14. e4 Nb4 15. Nxb4 Bxb4 16. Qc4 Be7 17. b4 c5 18. e5 Bxf3 19. gxf3 Nd5 20. dxc5 bxc5 21. b5 Qc7 22. Bb2 Nb6 23. Qc2 Rad8 24. Ba2 Qb7 25. a5 Nd5 26. Bc4 Bg5 27. Qe4 Qa8 28. Rd3 Nf4 29. Qxa8 Rxa8 30. Rd7 Rfd8 31. Rad1 Rxd7 32. Rxd7 Rd8 33. Rxd8+ Bxd8 34. b6 Bxb6 35. axb6 axb6 36. Bc1 g5 37. h4 h6 38. hxg5 hxg5 39. Bxf4 gxf4 40. Kh2 Kg7 41. Kh3 f6 42. Bxe6 fxe5 43. Bc4 Kg6 44. Kg2 Kf5 45. Kf1 e4 46. Ke2 Ke5 47. Ba6 Kd4 48. Kd2 c4 49. Kc2 Kc5 50. Bb7 b5 51. Bxe4 b4 52. Bg6 Kd4 53. Kb2 Ke5 54. Bf7 Kd4 55. Kc2 1/2-1/2

[Event "VIE-chT"]
[Site "Bac Giang"]
[Date "2020.06.07"]
[Round "3.15"]
[White "Dang, Ngoc Minh"]
[Black "Doan, Van Duc"]
[Result "0-1"]
[WhiteElo "1556"]
[BlackElo "2141"]
[PlyCount "88"]
[EventDate "2020.06.06"]
[EventType "swiss"]
[EventRounds "9"]
[EventCountry "VIE"]
[SourceTitle "CBM 197 Extra"]
[Source "ChessBase"]
[SourceDate "2020.09.30"]
[SourceVersion "1"]
[SourceVersionDate "2020.09.30"]
[SourceQuality "1"]

1. Nf3 d5 2. g3 c6 3. Bg2 Bf5 4. 0-0 e6 5. b3 Nf6 6. Bb2 Be7 7. c4 0-0 8. d3 h6 9. Nbd2 Nbd7 10. Qc2 a5 11. a3 Qc7 12. Rfe1 Bh7 13. Qc3 Rfd8 14. cxd5 exd5 15. e4 dxe4 16. dxe4 Nc5 17. Bf1 Bf8 18. Bc4 Ncxe4 19. Nxe4 Nxe4 20. Rxe4 Bxe4 21. Ne5 Bd5 22. Ng4 Qd6 23. Bxd5 cxd5 24. Rd1 d4 25. Qf3 h5 26. Ne3 Qc6 27. Qxc6 bxc6 28. Bxd4 Bxa3 29. Ra1 Rxd4 30. Rxa3 a4 31. bxa4 Rdxa4 32. Rc3 R4a6 33. Nc2 Rc8 34. Nb4 Rb6 35. Rc4 g6 36. Kg2 Kg7 37. Nd5 Rb7 38. Nb4 c5 39. Nc2 Rb2 40. Kf3 Ra8 41. Ke3 Raa2 42. Kd2 Rxc2+ 43. Rxc2 Rxc2+ 44. Kxc2 Kf6 0-1

[Event "VIE-ch U13"]
[Site "Hanoi"]
[Date "2020.??.??"]
[Round "9"]
[White "Bui, Dang Khoa"]
[Black "Dang, Ngoc Minh"]
[Result "0-1"]
[WhiteElo "2320"]
[BlackElo "1556"]
[PlyCount "82"]
[EventDate "2020.10.22"]
[EventType "tourn"]
[EventRounds "9"]
[EventCountry "VIE"]
[SourceTitle "EXT 2022"]
[Source "ChessBase"]
[SourceDate "2021.10.06"]
[SourceVersion "1"]
[SourceVersionDate "2021.10.06"]
[SourceQuality "1"]

1. e4 c6 2. d4 d5 3. exd5 cxd5 4. Nf3 Nc6 5. Be3 Bg4 6. Be2 e6 7. 0-0 Bd6 8. Nbd2 Nf6 9. c4 0-0 10. h3 Bh5 11. c5 Bb8 12. a3 a5 13. Rb1 Qc7 14. g3 Bg6 15. Rc1 Ne4 16. Bf4 Qe7 17. Bxb8 Raxb8 18. Nh4 Qf6 19. Nxg6 Qxg6 20. Nf3 f5 21. Kg2 Ng5 22. Nxg5 Qxg5 23. Rc3 f4 24. g4 f3+ 25. Bxf3 Rf4 26. Rd3 Qf6 27. Qd2 Rf8 28. Bd1 Nxd4 29. f3 h5 30. gxh5 Nf5 31. Qf2 Nh4+ 32. Kh1 Qf5 33. Be2 Qxh3+ 34. Qh2 Qf5 35. h6 Ng6 36. hxg7 Rf7 37. Qg3 Rxg7 38. Rf2 Ne5 39. Qxg7+ Kxg7 40. Rb3 Qh7+ 41. Kg1 Kf6 0-1

[Event "VIE-ch U13"]
[Site "Hanoi"]
[Date "2020.??.??"]
[Round "6"]
[White "Dang, Ngoc Minh"]
[Black "Nguy?n, Nghia Gia An"]
[Result "0-1"]
[WhiteElo "1556"]
[BlackElo "1546"]
[PlyCount "128"]
[EventDate "2020.10.22"]
[EventType "tourn"]
[EventRounds "9"]
[EventCountry "VIE"]
[SourceTitle "EXT 2022"]
[Source "ChessBase"]
[SourceDate "2021.10.06"]
[SourceVersion "1"]
[SourceVersionDate "2021.10.06"]
[SourceQuality "1"]

1. d4 Nf6 2. Bf4 e6 3. Nf3 c5 4. c3 d5 5. e3 Bd6 6. Bg3 Qc7 7. Ne5 Nbd7 8. Nxd7 Bxd7 9. Bd3 a6 10. Nd2 0-0 11. Qf3 e5 12. dxe5 Bxe5 13. Bxe5 Qxe5 14. Qg3 Qxg3 15. hxg3 Rfe8 16. 0-0 Bb5 17. Bxb5 axb5 18. Rfd1 h6 19. a3 Ra7 20. Nf3 b6 21. Rd3 Kf8 22. Nd2 Ke7 23. f3 Ra4 24. Rd1 Kf8 25. Kf2 Ra7 26. g4 Rae7 27. Nf1 g6 28. Kg3 g5 29. Kf2 Kg8 30. Re1 Kh7 31. Ng3 Kg6 32. Rh1 Re6 33. Rd2 Rh8 34. Nf5 Rh7 35. Ng3 Rh8 36. Nh5 Rd8 37. Nxf6 Rxf6 38. g3 Rfd6 39. f4 f5 40. Kf3 fxg4+ 41. Kxg4 Re8 42. Rdh2 Kg7 43. fxg5 Re4+ 44. Kf3 hxg5 45. Rh7+ Kg8 46. Rh8+ Kf7 47. R1h7+ Ke6 48. Re8+ Kf5 49. Rf7+ Kg6 50. Rff8 g4+ 51. Ke2 Rxe8 52. Rxe8 Kf5 53. Rh8 Kg5 54. Kd3 Kf5 55. Rf8+ Ke5 56. Rc8 Kf5 57. Rg8 Re6 58. Rd8 Ke5 59. Rf8 c4+ 60. Ke2 Rh6 61. Rf2 Rh3 62. Rg2 Rh1 63. Kd2 Rf1 64. Kc2 Rf3 0-1

[Event "VIE-ch U13"]
[Site "Hanoi"]
[Date "2020.??.??"]
[Round "5"]
[White "Dang, Ngoc Minh"]
[Black "Pham, Truong Phu"]
[Result "0-1"]
[WhiteElo "1556"]
[BlackElo "2317"]
[PlyCount "107"]
[EventDate "2020.10.22"]
[EventType "tourn"]
[EventRounds "9"]
[EventCountry "VIE"]
[SourceTitle "EXT 2022"]
[Source "ChessBase"]
[SourceDate "2021.10.06"]
[SourceVersion "1"]
[SourceVersionDate "2021.10.06"]
[SourceQuality "1"]

1. d4 d5 2. Nf3 Nf6 3. Bf4 Bf5 4. e3 e6 5. Bd3 Bg6 6. Ne5 Bd6 7. Nxg6 hxg6 8. 0-0 g5 9. Bg3 Bxg3 10. fxg3 Qd6 11. Nd2 Nbd7 12. c3 0-0-0 13. c4 c6 14. c5 Qc7 15. b4 Rh6 16. Rf2 Rdh8 17. Nf1 Nb8 18. a4 Nh5 19. Qg4 Qe7 20. b5 f5 21. Bxf5 exf5 22. Qxf5+ Qd7 23. Qxg5 Nf6 24. Rf4 Qf7 25. g4 Qg6 26. Qe5 Re8 27. Qd6 Ne4 28. Qxg6 Rxg6 29. h3 Nc3 30. Rf5 Rf6 31. Rxf6 gxf6 32. Ra3 Ne4 33. Nh2 Nd2 34. Kf2 b6 35. Nf3 Ne4+ 36. Ke2 Kb7 37. cxb6 axb6 38. Nd2 Nd6 39. Rb3 c5 40. dxc5 bxc5 41. Rd3 d4 42. Nb3 Nd7 43. Nxd4 Ne5 44. Rc3 cxd4 45. exd4 Nc6+ 46. Re3 Nxd4+ 47. Kd3 Ne6 48. Rf3 Rf8 49. h4 Nf7 50. Ke4 Ne5 51. Rc3 Nc7 52. g5 Ng4 53. Kf4 f5 54. Rc6 0-1

[Event "VIE-ch U13"]
[Site "Hanoi"]
[Date "2020.??.??"]
[Round "2"]
[White "Ngo, Nhat Minh"]
[Black "Dang, Ngoc Minh"]
[Result "0-1"]
[WhiteElo "2318"]
[BlackElo "1556"]
[PlyCount "76"]
[EventDate "2020.10.22"]
[EventType "tourn"]
[EventRounds "9"]
[EventCountry "VIE"]
[SourceTitle "EXT 2022"]
[Source "ChessBase"]
[SourceDate "2021.10.06"]
[SourceVersion "1"]
[SourceVersionDate "2021.10.06"]
[SourceQuality "1"]

1. e4 c6 2. d3 d5 3. Nd2 e5 4. g3 Nf6 5. Bg2 dxe4 6. dxe4 Bg4 7. Ngf3 Bc5 8. 0-0 0-0 9. c3 Re8 10. Re1 Qd3 11. Bf1 Qd6 12. Qc2 b5 13. Bg2 Bb6 14. h3 Bh5 15. Nf1 Nbd7 16. Be3 Nc5 17. Nh4 Qd3 18. Qc1 Be2 19. Nh2 Ncxe4 20. Rxe2 Qxe2 21. Bf1 Bxe3 22. Bxe2 Bxc1 23. Rxc1 Rad8 24. Nf1 Nd2 25. Ne3 g6 26. g4 e4 27. Nhg2 Nf3+ 28. Bxf3 exf3 29. Ne1 Rd2 30. Nxf3 Rxb2 31. a4 bxa4 32. Ra1 Ne4 33. Nd1 Re2 34. Kf1 Nd2+ 35. Nxd2 Rxd2 36. Ne3 Rd3 37. Ra3 Rexe3 38. fxe3 Rxe3 0-1

[Event "VIE-ch U11"]
[Site "Hai Phong"]
[Date "2018.07.09"]
[Round "5"]
[White "Do, An Hoa1111"]
[Black "Dang, Ngoc Minh"]
[Result "0-1"]
[WhiteElo "1908"]
[BlackElo "1900"]
[PlyCount "82"]
[EventDate "2018.07.07"]
[EventType "swiss"]
[EventRounds "9"]
[EventCountry "VIE"]
[SourceTitle "EXT 2019"]
[Source "ChessBase"]
[SourceDate "2018.10.10"]
[SourceVersion "1"]
[SourceVersionDate "2018.10.10"]
[SourceQuality "1"]

1. d4 d5 2. e3 Nf6 3. Nf3 e6 4. Bd3 c5 5. c3 cxd4 6. exd4 Bd6 7. Nbd2 Nc6 8. 0-0 0-0 9. Re1 Re8 10. Ne5 Bxe5 11. dxe5 Nd7 12. Nf3 Nf8 13. Nd4 Ng6 14. Bxg6 hxg6 15. Nb5 b6 16. f4 Ne7 17. Nd6 Rf8 18. b3 Nf5 19. Ba3 Nxd6 20. Bxd6 Re8 21. Qd3 a5 22. Qg3 Ba6 23. Re3 Rc8 24. h4 b5 25. Kh2 Kh7 26. Rh1 Rh8 27. Kg1 Kg8 28. Qf2 b4 29. cxb4 axb4 30. Re1 Qa5 31. g4 Bd3 32. Qd2 Be4 33. Rh2 Rc2 34. Qe3 Qxa2 35. Rxc2 Qxc2 36. Re2 Qd1+ 37. Kf2 Qh1 38. Be7 Kh7 39. Kg3 Rc8 40. Rh2 Qb1 41. Bc5 Rd8 0-1

[Event "VIE Cup"]
[Site "Bac Giang"]
[Date "2018.06.03"]
[Round "7"]
[White "Huynh, Quoc An"]
[Black "Dang, Ngoc Minh"]
[Result "1-0"]
[WhiteElo "1925"]
[BlackElo "1927"]
[PlyCount "70"]
[EventDate "2018.05.30"]
[EventType "swiss"]
[EventRounds "9"]
[EventCountry "VIE"]
[SourceTitle "CBM 184 Extra"]
[Source "ChessBase"]
[SourceDate "2018.06.28"]
[SourceVersion "1"]
[SourceVersionDate "2018.06.28"]
[SourceQuality "1"]

1. e4 d5 2. exd5 Qxd5 3. Nc3 Qa5 4. Nf3 Nf6 5. Bc4 Bg4 6. h3 Bf5 7. 0-0 e6 8. d3 c6 9. Bf4 Be7 10. a3 b5 11. Ba2 Nbd7 12. Nd4 Qb6 13. Nxf5 exf5 14. Re1 Kf8 15. Qf3 h6 16. Be3 Qb7 17. Qxf5 g6 18. Qf3 Re8 19. Bd4 Kg7 20. Ne4 Qc7 21. Re2 c5 22. Bc3 b4 23. axb4 cxb4 24. Bd4 Qa5 25. Ree1 Qc7 26. Bb3 a5 27. Re2 Rhf8 28. Rae1 Qd8 29. Ba4 b3 30. cxb3 g5 31. Nxf6 Bxf6 32. Rxe8 Rxe8 33. Rxe8 Qc7 34. Bxf6+ Nxf6 35. Re1 Qd6 1-0

[Event "VIE Cup"]
[Site "Bac Giang"]
[Date "2018.06.02"]
[Round "6"]
[White "Dang, Ngoc Minh"]
[Black "Huynh, Minh Chien"]
[Result "0-1"]
[WhiteElo "1927"]
[BlackElo "1967"]
[PlyCount "62"]
[EventDate "2018.05.30"]
[EventType "swiss"]
[EventRounds "9"]
[EventCountry "VIE"]
[SourceTitle "CBM 184 Extra"]
[Source "ChessBase"]
[SourceDate "2018.06.28"]
[SourceVersion "1"]
[SourceVersionDate "2018.06.28"]
[SourceQuality "1"]

1. e4 e5 2. Nf3 Nc6 3. Bc4 Bc5 4. c3 Nf6 5. d4 exd4 6. cxd4 Bb4+ 7. Bd2 Nxe4 8. Bxb4 Nxb4 9. Qb3 d5 10. Qxb4 dxc4 11. 0-0 Qd6 12. Qxc4 0-0 13. Re1 Nf6 14. Nc3 Be6 15. Qd3 c6 16. Rad1 Bg4 17. d5 Rad8 18. Rd2 cxd5 19. Red1 Be6 20. Nd4 a6 21. Nf5 Bxf5 22. Qxf5 Rfe8 23. h3 Re5 24. Qf4 Re1+ 25. Rxe1 Qxf4 26. Rxd5 Nxd5 27. Nxd5 Qd2 28. Ne7+ Kf8 29. Re4 Qd1+ 30. Kh2 Qd6+ 31. g3 Qxe7 0-1

[Event "VIE Cup"]
[Site "Bac Giang"]
[Date "2018.06.02"]
[Round "5"]
[White "Nguyen, Minh Dat"]
[Black "Dang, Ngoc Minh"]
[Result "0-1"]
[WhiteElo "1921"]
[BlackElo "1927"]
[PlyCount "90"]
[EventDate "2018.05.30"]
[EventType "swiss"]
[EventRounds "9"]
[EventCountry "VIE"]
[SourceTitle "CBM 184 Extra"]
[Source "ChessBase"]
[SourceDate "2018.06.28"]
[SourceVersion "1"]
[SourceVersionDate "2018.06.28"]
[SourceQuality "1"]

1. e4 d5 2. exd5 Qxd5 3. Nf3 Nf6 4. Nc3 Qa5 5. Be2 Bf5 6. 0-0 e6 7. a3 c6 8. Nd4 Bg6 9. Nb3 Qc7 10. d4 Bd6 11. h3 Nbd7 12. Bd3 Bxd3 13. Qxd3 Rd8 14. Bg5 c5 15. dxc5 Nxc5 16. Qb5+ Ncd7 17. Bxf6 gxf6 18. Ne4 Be5 19. c3 0-0 20. Qe2 Kh8 21. Rfd1 Rg8 22. Nc1 Qc6 23. Nd3 Bb8 24. Qf3 f5 25. Nd2 Qd6 26. Nf1 b6 27. Rd2 Nf6 28. Ne1 Qc5 29. Rad1 Rxd2 30. Rxd2 Ne4 31. Rd3 Qe5 32. Qe3 Qg7 33. Nd2 Nc5 34. Rd4 e5 35. Rh4 e4 36. Qh6 Qxh6 37. Rxh6 Bf4 38. Rf6 Bxd2 39. Nc2 Kg7 40. Rxf5 Rd8 41. Nd4 Kg6 42. g4 e3 43. Re5 exf2+ 44. Kf1 Nd3 45. Nf3 Nxe5 0-1

[Event "VIE Cup"]
[Site "Bac Giang"]
[Date "2018.06.01"]
[Round "4"]
[White "Dang, Ngoc Minh"]
[Black "Nguyen, Trung Dung"]
[Result "1-0"]
[WhiteElo "1927"]
[BlackElo "1889"]
[PlyCount "73"]
[EventDate "2018.05.30"]
[EventType "swiss"]
[EventRounds "9"]
[EventCountry "VIE"]
[SourceTitle "CBM 184 Extra"]
[Source "ChessBase"]
[SourceDate "2018.06.28"]
[SourceVersion "1"]
[SourceVersionDate "2018.06.28"]
[SourceQuality "1"]

1. e4 c5 2. Nc3 e6 3. g3 Nc6 4. Bg2 Nf6 5. d3 d5 6. Bg5 d4 7. Nce2 h6 8. Bxf6 Qxf6 9. f4 e5 10. Nf3 Bd6 11. f5 0-0 12. 0-0 b5 13. g4 Qd8 14. a3 Na5 15. h4 c4 16. b4 Nc6 17. Qe1 f6 18. g5 Kf7 19. g6+ Ke8 20. Ng3 c3 21. Nh5 Qc7 22. Nh2 Qe7 23. Ng4 Rg8 24. Qc1 Qf8 25. Rf3 a5 26. bxa5 Rxa5 27. Rg3 Bxa3 28. Nhxf6+ Kd8 29. Rxa3 Rxa3 30. Nxg8 Qb4 31. Rf3 Qb2 32. Rf1 Nb4 33. f6 gxf6 34. N8xf6 Nxc2 35. Qxh6 Ra2 36. Nd5 Nb4 37. Qf8+ 1-0

[Event "VIE Cup"]
[Site "Bac Giang"]
[Date "2018.05.31"]
[Round "3"]
[White "Nguyen, Tuan Phuong"]
[Black "Dang, Ngoc Minh"]
[Result "1-0"]
[WhiteElo "1869"]
[BlackElo "1927"]
[PlyCount "147"]
[EventDate "2018.05.30"]
[EventType "swiss"]
[EventRounds "9"]
[EventCountry "VIE"]
[SourceTitle "CBM 184 Extra"]
[Source "ChessBase"]
[SourceDate "2018.06.28"]
[SourceVersion "1"]
[SourceVersionDate "2018.06.28"]
[SourceQuality "1"]

1. e3 d5 2. c4 c6 3. Nc3 Nf6 4. cxd5 cxd5 5. Nf3 e6 6. a3 Bd6 7. Bd3 e5 8. Bb5+ Bd7 9. Bxd7+ Nbxd7 10. b4 e4 11. Nd4 Ne5 12. 0-0 0-0 13. Ncb5 a6 14. Nxd6 Qxd6 15. Bb2 Nd3 16. Bc3 g6 17. Nb3 h5 18. h3 Nd7 19. Nc1 N7e5 20. Bxe5 Nxe5 21. d3 f5 22. d4 Nc4 23. Ne2 Rac8 24. Nf4 Rc6 25. Qe2 Rfc8 26. a4 Nb6 27. b5 Rc2 28. Qe1 Nc4 29. Rc1 Rb2 30. bxa6 bxa6 31. h4 Rcb8 32. Qc3 R8b3 33. Qe1 Nd2 34. Kh2 Nxf1+ 35. Qxf1 Rb8 36. Rc5 Rb1 37. Qe2 R8b2 38. Rc8+ Kh7 39. Rc2 Rxc2 40. Qxc2 Rb8 41. g3 Rd8 42. Qb3 Qc6 43. Qb4 Qd7 44. Qb6 Qd6 45. Qb7+ Kg8 46. Kg2 Rd7 47. Qc8+ Kh7 48. Qe8 Qe7 49. Qxg6+ Kh8 50. Qxh5+ Kg8 51. Qg6+ Qg7 52. Qxa6 Qf7 53. Ne6 Re7 54. Ng5 Qg7 55. Qa8+ Qf8 56. Qxd5+ Kh8 57. a5 Qc8 58. Qd6 Qd7 59. Qf6+ Kg8 60. a6 Re8 61. h5 Rf8 62. Qg6+ Kh8 63. h6 f4 64. Ne6 f3+ 65. Kh2 Rf7 66. Qxe4 Qe7 67. Qa8+ Kh7 68. Qe4+ Kh8 69. Qe5+ Rf6 70. a7 Kh7 71. Ng5+ Kxh6 72. Qxe7 Kxg5 73. Qxf6+ Kxf6 74. a8Q 1-0

[Event "VIE-ch"]
[Site "Bac Giang"]
[Date "2017.11.24"]
[Round "3"]
[White "Dang, Ngoc Minh"]
[Black "Nguyen, Hoang Duc"]
[Result "0-1"]
[WhiteElo "1958"]
[BlackElo "2010"]
[PlyCount "82"]
[EventDate "2017.11.23"]
[EventType "swiss"]
[EventRounds "9"]
[EventCountry "VIE"]
[SourceTitle "CBM 181 Extra"]
[Source "ChessBase"]
[SourceDate "2017.12.12"]
[SourceVersion "1"]
[SourceVersionDate "2017.12.12"]
[SourceQuality "1"]

1. e4 d6 2. Nf3 Nf6 3. Nc3 a6 4. d4 b5 5. Bd3 c5 6. Be3 c4 7. Be2 Bb7 8. d5 Nbd7 9. 0-0 g6 10. Bd4 Rc8 11. a3 Bg7 12. Nd2 0-0 13. f4 Nxd5 14. Bxg7 Ne3 15. Qc1 Kxg7 16. Rf3 Ng4 17. h3 Qb6+ 18. Kh1 Nf2+ 19. Kh2 Qd4 20. Qe1 f5 21. Rxf2 fxe4 22. Ndxe4 Bxe4 23. Nxe4 Qxe4 24. Bg4 Qc6 25. Qxe7+ Rf7 26. Qe3 Qc5 27. Qc3+ Nf6 28. Re2 Rd8 29. Be6 Re7 30. g4 Rde8 31. Rae1 h6 32. h4 Rxe6 33. Rxe6 Rxe6 34. Rxe6 Qf2+ 35. Kh3 Qf1+ 36. Kg3 Qg1+ 37. Kf3 Qxg4+ 38. Ke3 Qxe6+ 39. Kf3 Qh3+ 40. Ke2 Qxc3 41. bxc3 Nd5 0-1

[Event "VIE-chT"]
[Site "Ho Chi Minh City"]
[Date "2017.07.28"]
[Round "8.40"]
[White "Dang, Ngoc Minh"]
[Black "Tran, Ngoc Minh Duy"]
[Result "1-0"]
[WhiteElo "2010"]
[BlackElo "1217"]
[PlyCount "73"]
[EventDate "2017.07.24"]
[EventType "team-swiss"]
[EventRounds "9"]
[EventCountry "VIE"]
[SourceTitle "EXT 2019"]
[Source "ChessBase"]
[SourceDate "2018.10.10"]
[SourceVersion "1"]
[SourceVersionDate "2018.10.10"]
[SourceQuality "1"]

1. e4 e5 2. Nf3 Nc6 3. Bc4 Nf6 4. d3 Bc5 5. 0-0 0-0 6. Nc3 d6 7. h3 Be6 8. Bb3 h6 9. Be3 Bb6 10. Re1 Qe7 11. Nd5 Bxd5 12. exd5 Nb8 13. c4 Nbd7 14. Bc2 Qd8 15. Bxb6 axb6 16. d4 exd4 17. Qxd4 Re8 18. Rxe8+ Qxe8 19. Re1 Qd8 20. a3 Nf8 21. Nh4 c5 22. Qd2 Rb8 23. Nf5 Ng6 24. h4 Ne5 25. b3 Ng6 26. Qd1 Ra8 27. a4 h5 28. Qd3 Ne5 29. Qe3 Nfg4 30. Qg3 g6 31. f3 Nf6 32. Nxd6 Qxd6 33. Rxe5 Kg7 34. Qe1 Nd7 35. Re3 Nf6 36. Re7 Ng8 37. Rxb7 1-0

[Event "VIE-chT"]
[Site "Ho Chi Minh City"]
[Date "2017.07.26"]
[Round "5.36"]
[White "Dang, Ngoc Minh"]
[Black "Dang, Anh Minh"]
[Result "0-1"]
[WhiteElo "2010"]
[BlackElo "1495"]
[PlyCount "72"]
[EventDate "2017.07.24"]
[EventType "team-swiss"]
[EventRounds "9"]
[EventCountry "VIE"]
[SourceTitle "EXT 2019"]
[Source "ChessBase"]
[SourceDate "2018.10.10"]
[SourceVersion "1"]
[SourceVersionDate "2018.10.10"]
[SourceQuality "1"]

1. e4 c5 2. Nc3 Nc6 3. g3 g6 4. Bg2 Bg7 5. d3 d6 6. f4 e6 7. Nf3 Nge7 8. 0-0 0-0 9. Be3 Rb8 10. a4 a6 11. e5 b6 12. exd6 Qxd6 13. Ne4 Qc7 14. c3 Bb7 15. Rc1 Rbd8 16. Qe2 Nd5 17. Bd2 Qe7 18. c4 Ndb4 19. Bxb4 Nxb4 20. Ne1 Qd7 21. Nf2 Bxg2 22. Nxg2 Qxa4 23. Rfd1 Rd7 24. Rd2 Rfd8 25. Rcd1 Qb3 26. Ne3 h5 27. Nc2 Qxb2 28. Nxb4 Qxb4 29. Ne4 b5 30. cxb5 axb5 31. Kg2 Rd5 32. Kh3 Qa5 33. Ra2 Qb6 34. Rc1 b4 35. d4 cxd4 36. Ra6 Qb5 0-1

[Event "VIE-chT"]
[Site "Ho Chi Minh City"]
[Date "2017.07.26"]
[Round "4.46"]
[White "Dang, Ngoc Minh"]
[Black "Nguyen, Trong Nhan"]
[Result "1-0"]
[WhiteElo "2010"]
[BlackElo "1347"]
[PlyCount "65"]
[EventDate "2017.07.24"]
[EventType "team-swiss"]
[EventRounds "9"]
[EventCountry "VIE"]
[SourceTitle "EXT 2019"]
[Source "ChessBase"]
[SourceDate "2018.10.10"]
[SourceVersion "1"]
[SourceVersionDate "2018.10.10"]
[SourceQuality "1"]

1. e4 c5 2. Nc3 Nc6 3. g3 g6 4. d3 Bg7 5. Bg2 e6 6. f4 d6 7. Nf3 Nge7 8. 0-0 0-0 9. Be3 Nd4 10. Bf2 Rb8 11. Nxd4 cxd4 12. Ne2 e5 13. h3 Be6 14. g4 f5 15. g5 Nc6 16. exf5 Bxf5 17. Bh4 Qb6 18. Rb1 Rbe8 19. Ng3 Be6 20. b3 exf4 21. Ne4 Ne5 22. Nf6+ Bxf6 23. gxf6 Nf7 24. Rxf4 g5 25. Qh5 Bc8 26. Be4 Rxe4 27. Rxe4 d5 28. Re2 Qxf6 29. Bg3 Qf5 30. Rf1 Qxh3 31. Qxh3 Bxh3 32. Rf6 Nd8 33. Rd6 1-0